Contract law, text, cases, and materials : (Registro nro. 25254)
[ vista simple ]
| 000 -Cabecera | |
|---|---|
| Campo de control interno | 00471nam a2200181Ia 4500 |
| 005 - Fecha y hora del registro | |
| control field | 20260414151137.0 |
| 008 - Elementos de Longitud Fija | |
| fixed length control field | 260414t2016||||xx |||||||||||||| ||spa|| |
| 041 ## - Idioma | |
| Codigo Idioma | ESP |
| 082 ## - DEWEY y NOTACIÓN INTERNA | |
| Dewey | 346.42 |
| Notación Interna | M524 |
| 100 ## - AUTOR | |
| Autor denominación | McKendrick, Ewan |
| Término de relación | autor |
| 245 #0 - TÍTULO DE MATERIAL BIBLIOGRÁFICO | |
| Título | Contract law, text, cases, and materials : |
| Título paralelo | text, cases, and materials |
| 260 ## - CIUDAD, EDITORIAL, AÑO | |
| Año | 2016 |
| 300 ## - DESCRIPCIÓN | |
| N° Páginas | xl :1057 páginas : |
| Dimensiones | 25 cm. |
| 650 ## - TEMAS | |
| Temas | Derecho |
| 654 ## - PROGRAMAS | |
| Programa | Dpto. de Derecho y Ciencia Política |
| 942 ## - ELEMENTOS DE KOHA | |
| Tipo de documento | Libro |
| Nombre del creador | Justo Noguera |
| Código de catalogador | Justo Noguera |
| Esquema de clasificación | Dewey Decimal Classification |
| Suppress in OPAC | |
| Codigo completo | Registro | Colección | Copia número | Disponibilidad | Tipo de préstamo | Biblioteca Actual | Procedencia (Biblioteca) | Ubicacón | Fecha Ingreso | Tipo de Adquisición | Date last seen | Total checkouts | Price effective from | Tipo de Item | Estado del Material | Damaged status | Withdrawn status |
|---|---|---|---|---|---|---|---|---|---|---|---|---|---|---|---|---|---|
| 346.42 M524 | 1060403 | Universidad Católica San Pablo | 1 | Disponible | Disponible | Víctor Andrés Belaunde | Víctor Andrés Belaunde | Primer piso | 14/04/2026 | Compra | 14/04/2026 | 14/04/2026 | Libro | Bueno |




